000
00314nam a22001457a 4500
020
_a
978-846-46-976-3
082
_a
823
_b
SOU/C
100
_a
SOUTHGATE, VERA
245
_a
CINDRELLA
260
_a
UK
_b
LADYBIRD
300
_a
44
520
_a
ENGLISH SHORT STORY
650
_a
ENGLISH SHORT STORY
_z
UK
942
_c
BK
999
_c
4967
_d
4967